Banner

Corrección monetaria de obligaciones dinerarias / (Record no. 315)

MARC details
000 -LEADER
campo de control de longitud fija 00944nam a22002657a 4500
001 - NÚMERO DE CONTROL
campo de control 002104
003 - IDENTIFICADOR DE NÚMERO DE CONTROL
campo de control CoMeUDC002104
005 - FECHA Y HORA DE LA ÚLTIMA TRANSACCIÓN
campo de control 20181205173735.0
008 - DATOS DE LONGITUD FIJA--INFORMACIÓN GENERAL
campo de control de longitud fija 070619s2007 ck r 000 0 spa d
020 ## - NÚMERO INTERNACIONAL ESTÁNDAR DEL LIBRO
Número Internacional Estándar del Libro 9587101286
040 ## - FUENTE DE CATALOGACIÓN
Centro catalogador/agencia de origen CO-BoUEX
Centro/agencia transcriptor CoMeUDC
092 04 - ASIGNACIÓN LOCAL DE SIGNATURA TOPOGRÁFICA DEWEY (OCLC)
Número de clasificación 332.4
Número de ítem S586c
100 10 - ENTRADA PRINCIPAL--NOMBRE DE PERSONA
Nombre de persona Silva Avendaño, Catalina
245 0# - MENCIÓN DEL TÍTULO
Título Corrección monetaria de obligaciones dinerarias /
Mención de responsabilidad, etc. Catalina Silva Avendaño
260 ## - PUBLICACIÓN, DISTRIBUCIÓN, ETC.
Lugar de publicación, distribución, etc. Bogotá :
Nombre del editor, distribuidor, etc. Universidad Externado de Colombia,
Fecha de publicación, distribución, etc. 2007
300 ## - DESCRIPCIÓN FÍSICA
Extensión 316 p.
440 ## - MENCIÓN DE SERIE/PUNTO DE ACCESO ADICIONAL--TÍTULO
Título Tesis de grado
Designación de volumen o secuencia ; 46.
500 ## - NOTA GENERAL
Nota general Incluye índice de Jurisprudencia
504 ## - NOTA DE BIBLIOGRAFÍA, ETC.
Nota de bibliografía, etc. Nota Incluye bibliografía
505 ## - NOTA DE CONTENIDO CON FORMATO
Nota de contenido con formato Desvalorización monetaria. Concepto y relevancia. Aplicación judicial de la corrección monetaria. Evolución y desaciertos. Conclusiones.
650 #7 - PUNTO DE ACCESO ADICIONAL DE MATERIA--TÉRMINO DE MATERIA
Término de materia o nombre geográfico como elemento de entrada CORRECCION MONETARIA
Subdivisión general ASPECTOS JURIDICOS
Subdivisión geográfica COLOMBIA
650 #7 - PUNTO DE ACCESO ADICIONAL DE MATERIA--TÉRMINO DE MATERIA
Término de materia o nombre geográfico como elemento de entrada MONEDA
Subdivisión general VALORIZACION
650 #7 - PUNTO DE ACCESO ADICIONAL DE MATERIA--TÉRMINO DE MATERIA
Término de materia o nombre geográfico como elemento de entrada Inflación
Subdivisión geográfica COLOMBIA
942 ## - ELEMENTOS DE ENTRADA SECUNDARIOS (KOHA)
Fuente del sistema de clasificación o colocación Clasificación Decimal Dewey
Tipo de ítem Koha Libros
Holdings
Estatus retirado Estado de pérdida Fuente del sistema de clasificación o colocación Estado de daño No para préstamo Colección Biblioteca de origen Biblioteca actual Fecha de adquisición Fuente de adquisición Signatura topográfica completa Código de barras Visto por última vez Copia número Precio de reemplazo Tipo de ítem Koha
    Clasificación Decimal Dewey     Colección general U DE COLOMBIA - Biblioteca U DE COLOMBIA - Biblioteca 05/12/2018 Donación 332.4 S586c 002104 05/12/2018 1 05/12/2018 Libros


Biblioteca Académica Corporación Universitaria U DE COLOMBIA | Teléfono: +(57) (4) 2398080 ext. 1112 | E-mail: biblioteca@udecolombia.edu.co | Dirección: Calle 56 Nº 41 – 147 (Bolivia con Girardot)
Horario de atención: lunes a viernes 8:00 a.m. a 8:00 p.m. - sábados 8:00 a.m. a 4:00 p.m.
Implementado por Grupo EGS.

Powered by Koha